Podjazdy użytkowane przez Koleje Wielkopolskie - Statystyki

Ogólne statystyki
  • Ten quiz został rozwiązany 16 razy
  • Średni wynik to 9 z 12
Statystyki odpowiedzi
Producent Typ % Poprawnych
Pafawag EN57
92%
Newag 36WEh
83%
Pesa EN76
83%
ZNTK Poznań SA108
83%
Pesa SA132
83%
Pesa SA134
83%
Pesa SA139
83%
Pafawag EN57AL
75%
Pesa 48WE
67%
Pafawag EN57AKW
58%
Pesa 48WEb
42%
Pesa SA136ATR
17%
Nie znaleziono quizów pasujących do podanych kryteriów
Rozkład punktacji
Procent ludzi z każdym wynikiem
Percentyl według liczby udzielonych odpowiedzi
Twoja historia wyników
Nie rozwiązałeś tego quizu